Statistics for German - Modal Verbs (present tense)

Click here to take the quiz!

General Stats

  • This quiz has been taken 65 times
    (62 since last reset)
  • The average score is 5 of 6

Answer Stats

HintAnswer% Correct
To want towollen
91%
To have tomüssen
88%
To be able tokönnen
85%
To like tomögen
85%
To ought tosollen
85%
To be allowed todürfen
82%

Score Distribution

Percentile by Number Answered

Percent of People with Each Score

Your Score History

You have not taken this quiz since the last reset